Modelo de asignación de recursos y actores sociales para el avance de la protección financiera en salud en Jalisco /
Uloženo v:
| Hlavní autor: | |
|---|---|
| Další autoři: | |
| Médium: | Text |
| Témata: | |
| Tagy: |
Přidat tag
Žádné tagy, Buďte první, kdo vytvoří štítek k tomuto záznamu!
|
MARC
| LEADER | 00000 a a2200000 04500 | ||
|---|---|---|---|
| 001 | 17299 | ||
| 003 | |||
| 040 | |||
| 100 | |a Zamudio-Gutiérrez, Emilio | ||
| 245 | |a Modelo de asignación de recursos y actores sociales para el avance de la protección financiera en salud en Jalisco / |c Emilio Zamudio-Gutiérrez | ||
| 650 | |a ASIGNACION DE RECURSOS | ||
| 650 | |a SALUD | ||
| 650 | |a DESCENTRALIZACION | ||
| 650 | |a SEGURIDAD SOCIAL | ||
| 650 | |a MEXICO | ||
| 700 | |a Nuñez-Salinas, Mario | ||
| 773 | |g volumen 49 Edición Espe; páginas 194-197 | ||
| 999 | |c 22793 |d 22793 | ||
